Постановление СНК СССР № 947 "О выпуске Четвертого Государственного Военного Займа" (с приложением условий выпуска займа)

RUSMARC
00004713cam0a2200313#x 450
001554cfa66-5f97-4794-943f-304f88488b5b
00520250429152203.0
100##$a20250429j19450504k###0rusy50 ca
1010#$arus
102##$aRU
105##$ay###z########
1220#$ad19450504##
2001#$aПостановление СНК СССР № 947 "О выпуске Четвертого Государственного Военного Займа" (с приложением условий выпуска займа)
$j4 мая 1945 г.
251##$cДокумент
300##$aПодлинник
461#0$12001
$aФ. Р-5446
$1251
$cФонд
$1852
$jР-5446
462#0$12001
$aОп. 1
$1251
$cОпись
$1852
$j1
462#0$12001
$aД. 251
$vЛ. 173, 174-176
$1251
$cДело
$1852
$j251
605##$2prlib_sh
$3LIBNET\UAF\0000088514
$aВторая мировая война в архивных документах (Комплекс оцифрованных архивных документов, кино- и фотоматериалов)
$lколлекция
605##$2acquisition_Prlib
$3DITM\AF\0000002775
$aВласть
$lколлекция
605##$2acquisition_Prlib
$3DITM\AF\0000003834
$aНарод
$lколлекция
6061#$2nlr_sh
$3RU\NLR\AUTH\661520861
$aВеликая Отечественная война
$z1941 - 1945
$zТретий период
$z1944 - 1945
$jДокументы и материалы
686##$a63.3(2)622,13ю1
$2rubbk
$vLBC/M
686##$a63.3(0)62-6ю1
$2rubbk
$vLBC/M
801#0$aRU
$bПБ им. Б.Н. Ельцина
$c20250429
801#1$aRU
$bПБ им. Б.Н. Ельцина
$c20250429
$2rusmarc
801#2$aRU
$bПБ им. Б.Н. Ельцина
$c20250429
$2rusmarc
850##$aГосударственный архив Российской Федерации
852##$aГА РФ
$jЛ. 173, 174-176
035##$aLIBNET\0001470927
937##$d196710968
$hФедеральное архивное агентство
8564#$uhttp://readingroom.main.prlib.ru/item.aspx?id_node=n196710968&mode=full
Формат отображения